Chile o una loca geografía
সংরক্ষণ করুন:
| প্রধান লেখক: | |
|---|---|
| বিন্যাস: | গ্রন্থ |
| ভাষা: | স্প্যানিশ |
| প্রকাশিত: |
Santiago
Ercilla
1942
|
| সংস্করন: | 4a. ed |
| মালা: | Colección Condor
|
| বিষয়গুলি: | |
| ট্যাগগুলো: |
ট্যাগ যুক্ত করুন
কোনো ট্যাগ নেই, প্রথমজন হিসাবে ট্যাগ করুন!
|
MARC
| LEADER | 00000nam a2200000 a 4500 | ||
|---|---|---|---|
| 001 | UCP3615 | ||
| 003 | CL-VaPUC | ||
| 008 | 990625e19420000CL |||||||||||||||||spa|d | ||
| 082 | 0 | 4 | |a Ch864 |b SUB |2 21 |
| 100 | 0 | |a Subercaseaux, Benjamín |e author |9 430965 | |
| 245 | 1 | 0 | |a Chile o una loca geografía |
| 250 | |a 4a. ed | ||
| 300 | |a 371 p | ||
| 942 | |c BK | ||
| 945 | |d 19990625 00:00:00 |a lriquelm | ||
| 260 | |a Santiago |b Ercilla |c 1942 | ||
| 650 | 0 | |a Literatura chilena |9 308278 | |
| 650 | 0 | |a Ensayos chilenos |9 269132 | |
| 650 | 0 | |a Geografía |9 259346 | |
| 651 | 7 | |a CHILE |2 CL-VaPUC |9 430966 | |
| 583 | |a last modification |c 19990625 00:00:00 |k Rodrigo Vera | ||
| 490 | 0 | |a Colección Condor | |
| 999 | |c 281880 |d 281878 | ||
| 952 | |0 0 |1 0 |4 0 |6 CH_864_000000000000000_SUB_1942 |7 0 |8 X |9 322934 |a BIBHIS |b BIBHIS |d 2019-11-20 |i 1362690 |o Ch864 SUB 1942 |p 1362690 |r 2024-01-30 |w 2019-11-20 |y BK_X |k HIS | ||